Changes of zoocoenotic structure in lower reach of river Tisza

Elmentve itt :
Bibliográfiai részletek
Szerző: Pujin Vlasta
Dokumentumtípus: Cikk
Megjelent: 1996
Sorozat:Tiscia
Kulcsszavak:Természettudomány
Online Access:http://acta.bibl.u-szeged.hu/10054
LEADER 00589nab a2200181 i 4500
001 acta10054
005 20210323100221.0
008 161015s1996 hu o 0|| eng d
022 |a 0563-587X 
040 |a SZTE Egyetemi Kiadványok Repozitórium  |b hun 
041 |a eng 
100 1 |a Pujin Vlasta 
245 1 0 |a Changes of zoocoenotic structure in lower reach of river Tisza  |h [elektronikus dokumentum] /  |c  Pujin Vlasta 
260 |c 1996 
300 |a 35-38 
490 0 |a Tiscia 
695 |a Természettudomány 
856 4 0 |u http://acta.bibl.u-szeged.hu/10054/1/tiscia_030_035-038.pdf  |z Dokumentum-elérés